|
|
|
|
| LEADER |
03734nam a2200769 4500 |
| 001 |
ocn794383720 |
| 003 |
OCoLC |
| 005 |
20170124071313.8 |
| 006 |
m o d |
| 007 |
cr cnu---unuuu |
| 008 |
120529s2012 enka ob 001 0 eng d |
| 040 |
|
|
|a N$T
|b eng
|e pn
|c N$T
|d UIU
|d E7B
|d OTZ
|d OCLCQ
|d DEBSZ
|d CDX
|d OCLCQ
|d YDXCP
|d DOS
|d OCLCF
|d OCLCQ
|d DG1
|d EBLCP
|d OCLCQ
|d COO
|d S3O
|d OCLCQ
|d AZK
|d GrThAP
|
| 019 |
|
|
|a 784885299
|a 796002046
|a 957523827
|a 957616174
|a 961624474
|a 962694526
|
| 020 |
|
|
|a 9781118343937
|q (electronic bk.)
|
| 020 |
|
|
|a 111834393X
|q (electronic bk.)
|
| 020 |
|
|
|a 9781118443132
|q (electronic bk.)
|
| 020 |
|
|
|a 1118443136
|q (electronic bk.)
|
| 020 |
|
|
|a 9781118343920
|
| 020 |
|
|
|a 1118343921
|
| 020 |
|
|
|z 9781118343913
|
| 020 |
|
|
|z 1118343913
|
| 020 |
|
|
|z 9781405141734
|
| 020 |
|
|
|z 1405141735
|
| 029 |
1 |
|
|a AU@
|b 000049595416
|
| 029 |
1 |
|
|a DEBBG
|b BV041468088
|
| 029 |
1 |
|
|a DEBSZ
|b 372740340
|
| 029 |
1 |
|
|a DEBSZ
|b 431108366
|
| 029 |
1 |
|
|a DKDLA
|b 820120-katalog:000599654
|
| 029 |
1 |
|
|a NZ1
|b 14838138
|
| 035 |
|
|
|a (OCoLC)794383720
|z (OCoLC)784885299
|z (OCoLC)796002046
|z (OCoLC)957523827
|z (OCoLC)957616174
|z (OCoLC)961624474
|z (OCoLC)962694526
|
| 037 |
|
|
|a 10.1002/9781118443132
|b Wiley InterScience
|n http://www3.interscience.wiley.com
|
| 043 |
|
|
|a e-uk---
|
| 050 |
|
4 |
|a HD9715.G72
|b P79 2012eb
|
| 072 |
|
7 |
|a TEC
|x 009020
|2 bisacsh
|
| 082 |
0 |
4 |
|a 624.068/4
|2 23
|
| 049 |
|
|
|a MAIN
|
| 100 |
1 |
|
|a Pryke, Stephen,
|e author.
|
| 245 |
1 |
0 |
|a Social network analysis in construction /
|c Stephen Pryke.
|
| 264 |
|
1 |
|a Chichester, West Sussex, UK :
|b Wiley-Blackwell,
|c 2012.
|
| 300 |
|
|
|a 1 online resource (xiii, 270 pages) :
|b illustrations
|
| 336 |
|
|
|a text
|b txt
|2 rdacontent
|
| 337 |
|
|
|a computer
|b c
|2 rdamedia
|
| 338 |
|
|
|a online resource
|b cr
|2 rdacarrier
|
| 347 |
|
|
|a data file
|2 rda
|
| 380 |
|
|
|a Bibliography
|
| 504 |
|
|
|a Includes bibliographical references and index.
|
| 505 |
0 |
|
|a Introduction -- Rationale for a network approach to the analysis of project management systems -- 21st century reform and emergent systems in construction -- The construction project as a system of interdependent governance networks -- Social network analysis as a research method -- Network case studies -- Interpreting network diagrams -- Mathematical analysis of network data -- Managing networks -- Summary, conclusions and final thoughts.
|
| 520 |
|
|
|a The objective of the book is to show how social network analysis (SNA) is used to observe, monitor and analyse the complex relationships in major construction project coalitions.
|
| 588 |
0 |
|
|a Print version record.
|
| 650 |
|
0 |
|a Construction industry
|x Social aspects
|z Great Britain.
|
| 650 |
|
0 |
|a Project management
|z Great Britain.
|
| 650 |
|
0 |
|a Business logistics
|z Great Britain.
|
| 650 |
|
0 |
|a Social networks
|z Great Britain.
|
| 650 |
|
4 |
|a Business logistics
|z Great Britain.
|
| 650 |
|
4 |
|a Construction industry
|x Social aspects
|z Great Britain.
|
| 650 |
|
4 |
|a Project management
|z Great Britain.
|
| 650 |
|
4 |
|a Social networks
|z Great Britain.
|
| 650 |
|
7 |
|a TECHNOLOGY & ENGINEERING
|x Civil
|x General.
|2 bisacsh
|
| 650 |
|
7 |
|a Business logistics.
|2 fast
|0 (OCoLC)fst00842759
|
| 650 |
|
7 |
|a Construction industry
|x Social aspects.
|2 fast
|0 (OCoLC)fst00876121
|
| 650 |
|
7 |
|a Project management.
|2 fast
|0 (OCoLC)fst01078797
|
| 650 |
|
7 |
|a Social networks.
|2 fast
|0 (OCoLC)fst01122678
|
| 651 |
|
7 |
|a Great Britain.
|2 fast
|0 (OCoLC)fst01204623
|
| 655 |
|
4 |
|a Electronic books.
|
| 776 |
0 |
8 |
|i Print version:
|a Pryke, Stephen.
|t Social network analysis in construction.
|d Chichester : Wiley-Blackwell, 2012
|z 9781118343913
|w (DLC) 2011045492
|w (OCoLC)617565253
|
| 856 |
4 |
0 |
|u https://doi.org/10.1002/9781118443132
|z Full Text via HEAL-Link
|
| 994 |
|
|
|a 92
|b DG1
|